चिमणरावाचे चर्‍हाट (Record no. 357924)

MARC details
000 -LEADER
fixed length control field 00482nam a2200145Ia 4500
008 - FIXED-LENGTH DATA ELEMENTS--GENERAL INFORMATION
fixed length control field 240509s9999 xx 000 0 und d
041 ## - LANGUAGE CODE
Language code of text/sound track or separate title mar
082 ## - DEWEY DECIMAL CLASSIFICATION NUMBER
Classification number 891.463 जोशी
Item number जोशी
100 ## - MAIN ENTRY--PERSONAL NAME
Personal name जोशी चिं. वि.
9 (RLIN) 206458
245 ## - TITLE STATEMENT
Title चिमणरावाचे चर्‍हाट
260 ## - PUBLICATION, DISTRIBUTION, ETC. (IMPRINT)
Date of publication, distribution, etc. 2014
Name of publisher, distributor, etc. कॉन्टिनेन्टल प्रकाशन
300 ## - PHYSICAL DESCRIPTION
Extent 238
700 ## - ADDED ENTRY--PERSONAL NAME
Personal name जोशी चिं. वि.
9 (RLIN) 206458
906 ## - LOCAL DATA ELEMENT F, LDF (RLIN)
b 40
Holdings
Withdrawn status Lost status Damaged status Not for loan Home library Current library Shelving location Date acquired Vendor Budget Code Cost, normal purchase price Bill number Total Checkouts Full call number Barcode Date last seen Date last checked out Cost, replacement price Bill Date Koha item type Original Barcode
        Cummins College of Engineering for Women Pune Cummins College of Engineering for Women Pune   07/02/2020 Varma Book Distributors GENRL 160.00 1444 4 891.463 जोशी CCEP-BK-62287 29/10/2025 10/10/2025 200.00 28/01/2020 Books 062287